Vegyesek
Elmentve itt :
| Szerző: | |
|---|---|
| Dokumentumtípus: | Cikk |
| Megjelent: |
1913
|
| Sorozat: | Magyar pedagógia : a Magyar Tudományos Akadémia Pedagógiai Bizottságának folyóirata
22 |
| Kulcsszavak: | Pedagógia 1912 |
| Online Access: | http://misc.bibl.u-szeged.hu/9051 |
| LEADER | 00605nab a2200181 i 4500 | ||
|---|---|---|---|
| 001 | misc9051 | ||
| 005 | 20191106143551.0 | ||
| 008 | 170607s1913 hu o 0|| hun d | ||
| 022 | |a 0025-0260 | ||
| 040 | |a SZTE Miscellanea Repozitórium |b hun | ||
| 041 | |a hun | ||
| 100 | 1 | |a Léber Gyula | |
| 245 | 1 | 0 | |a Vegyesek |h [elektronikus dokumentum] / |c Léber Gyula |
| 260 | |c 1913 | ||
| 300 | |a 62-64 | ||
| 490 | 0 | |a Magyar pedagógia : a Magyar Tudományos Akadémia Pedagógiai Bizottságának folyóirata |v 22 | |
| 695 | |a Pedagógia 1912 | ||
| 856 | 4 | 0 | |u http://misc.bibl.u-szeged.hu/9051/1/mp_1913_062-064.pdf |z Dokumentum-elérés |